000 01421nam0a2200361 4500
001 RU\NLR\BIBL_A\010587414
005 20260409074234.0
010 _a978-5-905-949-44-9
_9500
021 _aRU
_b2014-86581
_95267
035 _a(NLR Aleph) 010587414
035 _a(NILC)RuMoRGB-007826597
090 _a10488343
_c10488343
100 _a20150120d2014 k y0rusy50 ca
101 0 _arus
102 _aRU
105 _ay z 000yy
200 1 _aСоциальный капитал: проблемы формирования межличностного и институционального доверия
_eмонография
_fБ. Д. Беспарточный, Д. Б. Беспарточный
210 _aКурск
_cУчитель
_d2014
215 _a147 с.
_d20
320 _aБиблиогр.: с. 135-146 (156 назв.)
606 _aДоверие (социол.)
_3RU\NLR\AUTH\661290084
_92140295
606 1 _aСоциальный капитал
_92258652
_3RU\NLR\AUTH\661354419
610 0 _aсоциальное доверие
686 1 _aС550.353
686 1 _aС550.371.2
700 1 _aБеспарточный
_bБ. Д.
_gБорис Дмитриевич
701 1 _aБеспарточный
_bД. Б.
_gДмитрий Борисович
801 0 _aRU
_bРГБ
_c20141120
_gRCR
942 _cBOOK
980 _aNBR
980 _aNB